| 000 | 005330000a22001810004500 | ||
|---|---|---|---|
| 003 | MACL | ||
| 005 | 20160320140859.0 | ||
| 008 | 160320b xxu||||| |||| 00| 0 eng d | ||
| 040 |
_aMACL _cMACL |
||
| 041 | _aHindi | ||
| 082 | _a004 | ||
| 100 |
_aमनोज सिंह _947766 |
||
| 245 | _aमाइक्रोसॉफट वर्ड एक परिचय | ||
| 260 |
_aदिल्ली _bनीलकठं प्रकाशन _c2011 |
||
| 350 | _a250 | ||
| 650 |
_aComputer Sci. _947710 |
||
| 942 |
_cHIN _k004 _2ddc |
||
| 999 |
_c47480 _d47480 |
||